000
00291nam a2200121Ia 4500
008
220204s9999 xx 000 0 und d
082
_a
037.98125
_b
CHA
100
_a
Chaudhuri, M R
245
0
_a
Economic geography
250
_a
Ed.2
260
_a
New Delhi
_b
Oxford & IBH
_c
1975
942
_c
BK
999
_c
27596
_d
27596